| 000 | 00421nam a22001577a 4500 | ||
|---|---|---|---|
| 005 | 20251108164226.0 | ||
| 008 | 250721s9999 xx 000 0 ara d | ||
| 082 | 1 | 4 | _a111.2/حسي |
| 100 | 1 | _aعطوان، حسين | |
| 245 | 1 | 0 | _aشعر الحسين بن مطير الأسدي / |
| 264 | 1 |
_aبيروت : _bدار الجيل، _c[19-]. |
|
| 300 | _a112ص | ||
| 650 | 1 | 7 | _aالشعر |
| 942 |
_2ddc _cBK |
||
| 999 |
_c6820 _d6820 |
||